<The> Possibilities of transition from health insurance contributions to earmarked health tax in the Czech Republic

Tri rôzne prístupy k spotrebe a financovania zdravotnej starostlivosti, ktoré vznikli v zdravotnej politike vyspelých krajín. Verejné financie nutné a potrebné na zdravotnú starostlivosť, ktorá má byť univerzálne dostupná. Pohľad na český zdravotný systém.

Saved in:
Bibliographic Details
Main Author: Mertl, Jan
Format: Book Chapter
Language:English
Subjects:
Tags: Add Tag
No Tags, Be the first to tag this record!

MARC

LEADER 00000naa a2200000 4500
001 0236017
005 20220805075522.3
041 0 |a eng 
044 |a SK 
245 1 0 |a <The> Possibilities of transition from health insurance contributions to earmarked health tax in the Czech Republic  |c Jan Mertl 
520 |a Tri rôzne prístupy k spotrebe a financovania zdravotnej starostlivosti, ktoré vznikli v zdravotnej politike vyspelých krajín. Verejné financie nutné a potrebné na zdravotnú starostlivosť, ktorá má byť univerzálne dostupná. Pohľad na český zdravotný systém. 
610 2 0 |a politika zdravotná 
610 2 0 |a krajiny vyspelé 
610 2 0 |a Česko 
610 2 0 |a poistenie zdravotné 
610 2 0 |a starostlivosť zdravotná 
610 2 0 |a dane 
610 2 0 |a financie verejné 
100 1 |a Mertl, Jan